00618cam a2200193u 450000100060000000300080000600500170001400800390003103500190007004000230008904100080011208200180012010000300013824500900016826000580025830000460031650400190036270000430038121566BD-RjUL20211209000713.0140304m19661958enkh 000 0 eng a(BD-RjUL)21630 aDLCcDLCdDLCbeng aeng a829bNAW 19661 aNash, Thomas,d1567-1601.14aThe works of Thomas Nashe :bed. from the original texts /cby Ronald B. McKerrow ... aLondon :bA.H. Bullen [etc.],cc1958[reprinting 1966] a367 p. :b(v. 5, fold. facsim.) ;c23 cm. aincludes index1 aMcKerrow, Ronald Brunlees,d1872-1940.